|
|
|
|
| LEADER |
00862naa a2200205 i 4500 |
| 001 |
publ23071 |
| 005 |
20211216111936.0 |
| 008 |
211216s2021 hu o 0|| Francia d |
| 020 |
|
|
|a 9782845591417
|
| 024 |
7 |
|
|a 32540306
|2 mtmt
|
| 040 |
|
|
|a SZTE Publicatio Repozitórium
|b hun
|
| 041 |
|
|
|a Francia
|
| 100 |
1 |
|
|a Kovács Katalin
|
| 245 |
1 |
3 |
|a La valorisation de la nature morte dans les Salons de la Correspondance littéraire
|h [elektronikus dokumentum] :
|b La magie de Chardin et la critique d’art de Diderot /
|c Kovács Katalin
|
| 260 |
|
|
|a Centre International d'étude du XVIIIe Siècle
|b Ferney-Voltaire
|c 2021
|
| 300 |
|
|
|a 13
|
| 300 |
|
|
|a 73-85
|
| 490 |
0 |
|
|a Entente culturelle. L’Europe des correspondances littéraires
|
| 650 |
|
4 |
|a Nyelvek és irodalom
|
| 856 |
4 |
0 |
|u http://publicatio.bibl.u-szeged.hu/23071/1/bartha-kovacsEntenteCult.pdf
|z Dokumentum-elérés
|